| 000 | 01268cam a22003493a 4500 | ||
|---|---|---|---|
| 003 | OSt | ||
| 005 | 20140310184441.0 | ||
| 008 | 040426s2003 nyua c 000 1 eng d | ||
| 010 | _a 2004540846 | ||
| 020 | _a0439446171 | ||
| 020 | _a9780439446174 | ||
| 035 | _a(OCoLC)ocm54819692 | ||
| 040 |
_aLAL _cLAL _dOCLCQ _dLEO _dXY4 _dOCL _dTCA _dBAKER _dDLC |
||
| 050 | 0 | 0 |
_aPZ 3 _b.B146d10 2003 |
| 100 | 1 |
_aBaglio, Ben M. _95246 |
|
| 245 | 1 | 0 |
_aBeyond the sunrise / _cBen M. Baglio. |
| 260 |
_aNew York ; _aToronto, Ont. : _bScholastic Inc., _c2003. |
||
| 300 |
_a151 p. : _bill. ; _c20 cm. |
||
| 440 | 0 |
_aDolphin diaries ; _v10 _927494 |
|
| 521 | _aG4 | ||
| 526 | _c660 | ||
| 650 | 0 |
_aDolphins _vJuvenile fiction. _927495 |
|
| 650 | 0 |
_aPoachers _vJuvenile fiction. _927496 |
|
| 650 | 1 |
_aDolphins _vFiction. _927497 |
|
| 650 | 1 |
_aPoachers _vFiction. _927498 |
|
| 700 | 1 |
_aLawton, Judith, _eill. _927499 |
|
| 906 |
_a7 _bcbc _ccopycat _d3 _encip _f20 _gy-gencatlg |
||
| 942 |
_2lcc _cBK-SCHOLAS |
||
| 999 |
_c34456 _d34456 |
||